000
00261nam a22001217a 4500
008
180712b xxu||||| |||| 00| 0 eng d
041
_a
eng
080
_a
711
100
_a
45
101
_a
ART
245
_a
Fashion Pattern Cutting
_c
Zaman, Z
942
_2
udc
_c
BK
999
_c
46650
_d
46650